| 000 | 01564nam a2200337Ia 4500 | ||
|---|---|---|---|
| 003 | OSt | ||
| 005 | 20210922091633.0 | ||
| 008 | 130821s2009 mx a gr spa | ||
| 020 | _a007337573X | ||
| 020 | _a9789701072745 | ||
| 040 |
_aCo-BoUCM _bspa _cCO-JMCR |
||
| 041 | 0 | 0 | _aspa |
| 082 | 0 | 4 |
_a338.5 / _bF828m _223 |
| 100 | 1 | 0 |
_aFrank, Robert H. _eautor _94983 |
| 245 | 1 | 0 |
_aMicro-economía intermedia análisis económico y comportamiento _cRobert H.Frank ; Traduccin̤ de Martha Elsa Mauri Hernández, Maria del Carmen Enriqueta Hano Roa y Raúl Arrioja Juárez |
| 250 | _aSéptima edición | ||
| 260 |
_aMéxico : _bMcGrawHill, _c2009. |
||
| 300 |
_axxvii, 610 páginas : _bilustraciones y graficas en blanco y negro ; _c27 cm. |
||
| 505 | 0 | _aTeoría del comportamiento del consumidor. -- La teoría de la empresa y la estructura de mercado. -- Mercados de factores. - Externalidades, bienes públicos y bienestar social. | |
| 520 | 0 | _aLa presente obra cubre los temas esenciales de la microeconomía intermedia, mediante el estudio de la relación entre el análisis económico y el comportamiento humano. | |
| 650 | 0 | 4 |
_aConsumidores _911728 |
| 650 | 1 | 4 |
_aEconomía _9174 |
| 650 | 2 | 4 |
_aEquilibrio (Economía) _937263 |
| 650 | 2 | 4 |
_aMercados _919357 |
| 650 | 2 | 4 |
_aMicroeconomía _919488 |
| 700 | 1 |
_aMauri Hernández, Martha Elsa, _etraductora _940690 |
|
| 700 | 1 |
_aHano Roa, Maria del Carmen Enriqueta, _etraductora _940691 |
|
| 700 | 1 |
_aArrioja Juárez, Raúl, _etraductor _940692 |
|
| 765 | _tMicroeconomics and behavior | ||
| 942 |
_cBK _2ddc |
||
| 999 |
_c12522 _d12522 |
||